Dobrovoľné dražby

Dobrovoľná dražba predstavuje rýchly a efektívny spôsob speňaženia majetku dlžníka v záujme uspokojenia jeho pohľadávky voči veriteľovi za čo najvyššiu ponúkanú cenu. Právna úprava dobrovoľnej dražby. Dražobná zábezpeka. Predmet dražby a jeho ohodnotenie. Priebeh dražby.

Guardado en:
Detalles Bibliográficos
Autor principal: Kašiar, Ján
Formato: Capítulo de libro
Lenguaje:eslovaco
Materias:
Etiquetas: Agregar Etiqueta
Sin Etiquetas, Sea el primero en etiquetar este registro!

MARC

LEADER 00000naa a2200000 4500
001 0236841
005 20171026091105.3
041 0 |a slo 
044 |a SK 
245 1 0 |a Dobrovoľné dražby  |c Ján Kašiar 
520 |a Dobrovoľná dražba predstavuje rýchly a efektívny spôsob speňaženia majetku dlžníka v záujme uspokojenia jeho pohľadávky voči veriteľovi za čo najvyššiu ponúkanú cenu. Právna úprava dobrovoľnej dražby. Dražobná zábezpeka. Predmet dražby a jeho ohodnotenie. Priebeh dražby. 
610 2 0 |a dlžníci 
610 2 0 |a veritelia 
610 2 0 |a dražby 
100 1 |a Kašiar, Ján